| 000 | 00818nam a2200253Ia 4500 | ||
|---|---|---|---|
| 003 | GCL | ||
| 005 | 20240530102135.0 | ||
| 008 | 140319s9999 xx 000 0 ara d | ||
| 040 |
_aGCL / _cGCL |
||
| 082 | 0 | 4 |
_a709.03 _bش ف |
| 100 | 1 | _aشوكت الربيعى | |
| 245 | 1 | 0 |
_aالفن التشكيلى المعاصرفى الوطن العربى 1885 - 1985 / _cشوكت الربيعى |
| 260 |
_aالقاهرة : _bالهيئة المصرية العامة للكتاب ، _c1988 |
||
| 300 |
_a227 ص ؛ _c24 سم |
||
| 490 |
_aالالف كتاب _v0 |
||
| 650 | 0 | 4 | _aالعالم العربى |
| 650 | 0 | 4 | _aالفن |
| 650 | 0 | 4 | _aالنحت |
| 650 | 0 | 4 | _aالفنون التشكيلية |
| 650 | 0 | 4 | _aالتصوير |
| 650 | 0 | 4 | _aالحفر |
| 650 | 0 | 4 | _aالفنانون العرب |
| 942 |
_2ddc _cBK |
||
| 999 |
_c30064 _d30064 |
||